|
|
|
|
| LEADER |
00000nab a2200000 ar4500 |
| 001 |
vtls009007188 |
| 003 |
SK-MaSNL |
| 005 |
20260319071250.0 |
| 008 |
070713c2006 xo qr|p|||||||000 b|eng |
| 015 |
|
|
|a SNBRB2007/07
|
| 038 |
|
|
|a SNKBUCL
|
| 040 |
|
|
|a SNKBUCL
|b slo
|e AACR2
|c SNKBUCL
|
| 041 |
0 |
|
|a eng
|
| 044 |
|
|
|a xo
|c SK
|
| 080 |
|
|
|a 321.7
|x (4)
|2 1997
|
| 100 |
1 |
|
|a Meckel, Markus
|4 aut
|9 1065494
|
| 245 |
1 |
0 |
|a A European Foundation for Democracy
|c Markus Meckel
|
| 504 |
|
|
|a Bibliogr. odkazy
|
| 650 |
0 |
7 |
|a demokracia
|2 snkbucl
|9 3564
|
| 651 |
|
7 |
|a Európa
|2 snkbucl
|9 167569
|
| 773 |
0 |
|
|t International Issues & Slovak Foreign Polici Affairs
|g Roč. XV, č. 2 (2006), s. 30-36
|x 1210-1583
|
| 852 |
|
|
|a SNK
|b KIS3GCP
|
| 958 |
|
|
|a SK
|
| 958 |
|
|
|a NB
|
| 999 |
|
|
|c 1751203
|d 1753133
|